NFL Second Team All Pro Centers - Statistics

General Stats
  • This quiz has been taken 24 times
    4 since last reset
  • The average score is 27 of 57
Answer Stats
Year Team Player % Correct
2024 Lions Frank Ragnow
100%
2023 Lions Frank Ragnow
100%
2020 Lions Frank Ragnow
100%
2009 Colts Jeff Saturday
100%
2006 Colts Jeff Saturday
100%
2018 Steelers Maurkice Pouncey
100%
2012 Steelers Maurkice Pouncey
100%
2010 Steelers Maurkice Pouncey
100%
2011 Jets Nick Mangold
100%
2015 Cowboys Travis Frederick
100%
2014 Cowboys Travis Frederick
100%
2017 Falcons Alex Mack
67%
2016 Falcons Alex Mack
67%
2013 Browns Alex Mack
67%
1993 Oilers Bruce Matthews
67%
1991 Oilers Bruce Matthews
67%
2021 Chargers Corey Linsley
67%
2022 Chiefs Creed Humphrey
67%
1983 Dolphins Dwight Stephenson
67%
1978 Dolphins Jim Langer
67%
1976 Dolphins Jim Langer
67%
1973 Dolphins Jim Langer
67%
2004 Jets Kevin Mawae
67%
2002 Jets Kevin Mawae
67%
2000 Jets Kevin Mawae
67%
2020 Colts Ryan Kelly
67%
2007 Patriots Dan Koppen
33%
1990 Bears Jay Hilgenberg
33%
1986 Bears Jay Hilgenberg
33%
1972 Raiders Jim Otto
33%
1989 Bills Kent Hull
33%
1988 Bills Kent Hull
33%
1975 Redskins Len Hauss
33%
1974 Redskins Len Hauss
33%
1996 Oilers Mark Stepnoski
33%
1994 Cowboys Mark Stepnoski
33%
1992 Cowboys Mark Stepnoski
33%
1984 Steelers Mike Webster
33%
2005 Bears Olin Kreutz
33%
2019 Raiders Rodney Hudson
33%
2011 Panthers Ryan Kalil
33%
2008 Giants Shaun O'Hara
33%
1999 Broncos Tom Nalen
33%
2025 Dolphins Aaron Brewer
0%
2009 Cowboys Andre Gurode
0%
1998 Vikings Jeff Christy
0%
2001 Lions Jeff Hartings
0%
1982 Falcons Jeff Van Note
0%
1979 Falcons Jeff Van Note
0%
1985 Jets Joe Fields
0%
1981 Jets Joe Fields
0%
1995 Lions Kevin Glover
0%
1998 Jets Kevin Mawa
0%
2003 Vikings Matt Birk
0%
1987 Colts Ray Donaldson
0%
1980 Rams Rich Saul
0%
1977 Cardinals Tom Banks
0%
No matching quizzes found
Score Distribution
Percent of People with Each Score
Percentile by Number Answered
Your Score History
You have not taken this quiz since the last reset